Welcome to CU Library Online Public Access Catalogue (OPAC)

Public health nursing: (Record no. 637)

MARC details
000 -LEADER
fixed length control field 00506nam a22001817a 4500
005 - DATE AND TIME OF LATEST TRANSACTION
control field 20241105133946.0
008 - FIXED-LENGTH DATA ELEMENTS--GENERAL INFORMATION
fixed length control field 241105b |||||||| |||| 00| 0 eng d
020 ## - INTERNATIONAL STANDARD BOOK NUMBER
International Standard Book Number 9780323045407
050 ## - LIBRARY OF CONGRESS CALL NUMBER
Classification number RT98
Item number .C6562 STA
245 ## - TITLE STATEMENT
Title Public health nursing:
Remainder of title Population -centered health care in the community
250 ## - EDITION STATEMENT
Edition statement 7th
260 ## - PUBLICATION, DISTRIBUTION, ETC.
Place of publication, distribution, etc. Canada
Name of publisher, distributor, etc. Mosby Elsievier
Date of publication, distribution, etc. 2008
300 ## - PHYSICAL DESCRIPTION
Extent xxix,1154p,
Other physical details ill,
500 ## - GENERAL NOTE
General note index,
700 ## - ADDED ENTRY--PERSONAL NAME
Personal name Stanhope, Marcia
700 ## - ADDED ENTRY--PERSONAL NAME
Personal name Laneaster, Jeanette
942 ## - ADDED ENTRY ELEMENTS (KOHA)
Source of classification or shelving scheme Library of Congress Classification
Koha item type Books
Suppress in OPAC No
999 ## -
-- 637
-- 637

No items available.

© 2023-2024 Copyright: Central University Libraries. All Rights Reserved | Created by: Mahone Tech Office